[Event "Corsican Circuit Final 2014"]
[Site "Bastia FRA"]
[Date "2014.10.19"]
[Round "1.1"]
[White "Saric, Ivan"]
[Black "Meszaros, Tamas"]
[Result "1-0"]
[WhiteTitle "GM"]
[BlackTitle "IM"]
[WhiteElo "2678"]
[BlackElo "2424"]
[WhiteFideId "14508150"]
[BlackFideId "717410"]
[EventDate "2014.10.19"]

1. e4 e5 2. Nf3 Nc6 3. Bc4 Nf6 4. Ng5 d5 5. exd5 Na5 6. Bb5+ c6 7. dxc6 bxc6 8.
Bd3 Bd6 9. O-O h6 10. Ne4 Nxe4 11. Bxe4 O-O 12. d3 f5 13. Bf3 Ba6 14. Nc3 Qb6
15. a3 Rad8 16. b4 Nb7 17. Bb2 e4 18. Be2 c5 19. b5 Bxb5 20. Nxb5 Qxb5 21. Qb1
Rd7 22. Qa2+ Kh7 23. Rab1 Qc6 24. dxe4 fxe4 25. Bc3 Qc7 26. g3 Rdf7 27. Qd5 Re7
28. Rxb7 Qxb7 29. Qxd6 Qc7 30. Be5 Qb7 31. Ba6 Qd7 32. Bb5 Qe6 33. Bf4 Rf6 34.
Qxe6 Rfxe6 35. Rd1 Rb7 36. Bc4 Re8 37. Rd5 Rb2 38. Rxc5 Rd8 39. Bd5 Re8 40. Rc4 1-0

[Event "Corsican Circuit Final 2014"]
[Site "Bastia FRA"]
[Date "2014.10.19"]
[Round "1.1"]
[White "Anand, Viswanathan"]
[Black "Skomorokhin, Roman"]
[Result "1-0"]
[WhiteTitle "GM"]
[BlackTitle "IM"]
[WhiteElo "2785"]
[BlackElo "2364"]
[WhiteFideId "5000017"]
[BlackFideId "4112610"]
[EventDate "2014.10.19"]

1. e4 e6 2. d4 d5 3. Nc3 Bb4 4. e5 Ne7 5. a3 Bxc3+ 6. bxc3 b6 7. Qg4 Ng6 8. h4
h5 9. Qd1 Ba6 10. Bg5 Ne7 11. Bxa6 Nxa6 12. Ne2 Qd7 13. Nf4 g6 14. Qd3 Nb8 15.
Bf6 Rh7 16. Ke2 Nbc6 17. g4 hxg4 18. h5 Nf5 19. Rag1 Nce7 20. hxg6 Nxg6 21. Rxh7
Nxf4+ 22. Kd1 Qa4 23. Qd2 Ng6 24. Rxg4 Rc8 25. Rxg6 fxg6 26. Qg5 Ra8 1-0

[Event "Corsican Circuit Final 2014"]
[Site "Bastia FRA"]
[Date "2014.10.19"]
[Round "1.1"]
[White "Hou, Yifan"]
[Black "Dimitrov, Radoslav"]
[Result "0-1"]
[WhiteTitle "GM"]
[BlackTitle "IM"]
[WhiteElo "2673"]
[BlackElo "2445"]
[WhiteFideId "8602980"]
[BlackFideId "2908549"]
[EventDate "2014.10.19"]

1. e4 c6 2. c4 d5 3. exd5 cxd5 4. cxd5 Nf6 5. Nc3 Nxd5 6. Nf3 Nxc3 7. bxc3 e6 8.
d4 Qc7 9. Bd2 Nd7 10. Bd3 Bd6 11. O-O O-O 12. Qe2 Nf6 13. Ne5 Bxe5 14. dxe5 Nd7
15. Rae1 Nc5 16. Bb1 b6 17. Qh5 g6 18. Qh4 Ba6 19. c4 Nd7 20. Re4 f5 21. exf6
Nxf6 22. Rf4 Nh5 23. Rg4 Nf6 24. Rf4 Nh5 25. Re4 Nf6 26. Bf4 Qc5 27. Be3 Qc6 28.
Rd4 e5 29. Rdd1 Qxc4 30. Qg3 Qg4 31. Rfe1 Qxg3 32. hxg3 Ng4 33. Bg5 Rxf2 34. Be4
Raf8 35. Bf3 R2xf3 36. gxf3 Rxf3 37. Rd8+ Kf7 38. Bh4 h6 39. Rd7+ Ke6 40. Rxa7
Bc4 41. Re7+ Kf5 42. Rc1 b5 43. Re8 g5 44. Rf8+ Ke4 45. Re1+ Re3 46. Rxe3+ Nxe3
47. Rf6 gxh4 48. gxh4 Nf5 49. a3 Nxh4 50. Rxh6 Nf5 51. Rf6 Nd4 52. Kf2 0-1

[Event "Corsican Circuit Final 2014"]
[Site "Bastia FRA"]
[Date "2014.10.19"]
[Round "1.1"]
[White "Fedorchuk, Sergey A."]
[Black "Dourerassou, Jonathan"]
[Result "0-1"]
[WhiteTitle "GM"]
[BlackTitle "IM"]
[WhiteElo "2673"]
[BlackElo "2473"]
[WhiteFideId "14102536"]
[BlackFideId "628050"]
[EventDate "2014.10.19"]

1. e4 c5 2. Nf3 Nc6 3. Bb5 d6 4. O-O Bd7 5. Re1 Nf6 6. c3 a6 7. Bf1 Bg4 8. h3
Bxf3 9. Qxf3 g6 10. d3 Bg7 11. Be3 Nd7 12. Qd1 b5 13. Nd2 O-O 14. Nf3 b4 15. Qa4
Qc7 16. Rac1 bxc3 17. bxc3 Rfb8 18. Rc2 Rb5 19. d4 Ra5 20. Qc4 Nb6 21. Qe2 Nd7
22. Qd2 Rb8 23. Bh6 Bh8 24. Bc4 Nb6 25. Bf1 Ra4 26. dxc5 dxc5 27. Bf4 Ne5 28.
Nxe5 Bxe5 29. Bxe5 Qxe5 30. Rb2 Kg7 31. Qc2 Ra3 32. Reb1 Qf6 33. Qc1 Ra4 34. Qe1
Qe6 35. Qe3 Rxe4 36. Qxc5 Na4 37. Qa3 Rxb2 38. Rxb2 Nxb2 39. Qxb2 Re1 40. c4+ f6
41. Qc3 Qe2 0-1

[Event "Corsican Circuit Final 2014"]
[Site "Bastia FRA"]
[Date "2014.10.19"]
[Round "1.1"]
[White "Kovalenko, Igor"]
[Black "Ruck, Robert"]
[Result "0-1"]
[WhiteTitle "GM"]
[BlackTitle "GM"]
[WhiteElo "2650"]
[BlackElo "2568"]
[WhiteFideId "14117908"]
[BlackFideId "705713"]
[EventDate "2014.10.19"]

1. d4 Nf6 2. c4 g6 3. Nc3 d5 4. Nf3 Bg7 5. e3 O-O 6. Bd2 c5 7. dxc5 Na6 8. cxd5
Nxc5 9. Bc4 a6 10. a4 b6 11. O-O Bb7 12. Be1 Rc8 13. Rc1 Qd6 14. Rc2 Rfd8 15. h3
e6 16. Qe2 Nxd5 17. Bxd5 Bxd5 18. Nxd5 Qxd5 19. Bc3 Qd3 20. Bxg7 Kxg7 21. Qxd3
Nxd3 22. Rxc8 Rxc8 23. b3 Rc3 24. Rb1 Nc5 25. Nd2 Rc2 26. Nc4 Nxa4 27. Ra1 Nc5
28. Nxb6 Nd3 29. f3 Rc1+ 30. Rxc1 Nxc1 31. Kf1 Nxb3 32. Ke2 Kf6 33. Kd3 Ke5 34.
Kc4 Nd2+ 35. Kc5 Nf1 36. Nc4+ Kf5 37. Kd6 Kf6 38. e4 g5 39. Kc5 Ng3 40. Kb6 Ne2
41. Kxa6 Nf4 42. Ne3 Ke5 43. Kb6 Kd4 44. Ng4 Nxg2 45. Nf6 h6 46. Kc6 Ne1 47. Kd6
Nxf3 48. Ke7 Ne5 49. Kf8 h5 50. Nxh5 Kxe4 51. Nf6+ Kf4 52. Kg7 Kf5 53. Nh7 Nd7
54. Kxf7 e5 55. Ke7 e4 0-1

[Event "Corsican Circuit Final 2014"]
[Site "Bastia FRA"]
[Date "2014.10.19"]
[Round "1.1"]
[White "Balogh, Csaba"]
[Black "Horvath, Adam1"]
[Result "1-0"]
[WhiteTitle "GM"]
[BlackTitle "GM"]
[WhiteElo "2660"]
[BlackElo "2539"]
[WhiteFideId "718939"]
[BlackFideId "708003"]
[EventDate "2014.10.19"]

1. e4 c5 2. Nf3 e6 3. g3 Nc6 4. Bg2 Nf6 5. d3 d5 6. Nbd2 Be7 7. O-O O-O 8. Re1
b5 9. e5 Nd7 10. Nf1 b4 11. h4 a5 12. Bf4 a4 13. a3 bxa3 14. bxa3 Ba6 15. h5 Rb8
16. N1h2 Nd4 17. Nxd4 cxd4 18. Qg4 Kh8 19. h6 g6 20. Nf3 Qb6 21. Bd2 Bc5 22. Qf4
Qb2 23. Rec1 Bxa3 24. Nxd4 Bb4 25. Bxb4 Rxb4 26. c3 Rbb8 27. Nc6 Rb3 28. Nb4
Rxc3 29. Rcb1 Qe2 30. Nxa6 Qxe5 31. Qd2 Qd4 32. Rxa4 Qxd3 33. Qxd3 Rxd3 34. Bf1
Rc3 35. Rb7 Nf6 36. Nb8 Ng8 37. Nd7 Rfc8 38. Ne5 Nxh6 39. Nxf7+ Nxf7 40. Rxf7
R3c7 41. Rf6 Rc6 42. Ra7 1-0

[Event "Corsican Circuit Final 2014"]
[Site "Bastia FRA"]
[Date "2014.10.19"]
[Round "1.1"]
[White "Edouard, Romain"]
[Black "Kravtsiv, Martyn"]
[Result "1/2-1/2"]
[WhiteTitle "GM"]
[BlackTitle "GM"]
[WhiteElo "2659"]
[BlackElo "2563"]
[WhiteFideId "633429"]
[BlackFideId "14113147"]
[EventDate "2014.10.19"]

1. d4 Nf6 2. c4 e6 3. Nc3 Bb4 4. Nf3 O-O 5. Bg5 c5 6. Rc1 cxd4 7. Nxd4 Nc6 8. e3
d5 9. cxd5 Qxd5 10. Bxf6 gxf6 11. Nxc6 Qxd1+ 12. Kxd1 bxc6 13. Bd3 Rb8 14. b3 f5
15. Ke2 e5 16. Rhd1 Re8 17. Kf1 Be6 18. Na4 Red8 19. Ke2 e4 20. Ba6 Rd5 21. Rxd5
Bxd5 22. Bc4 Rd8 23. Bxd5 Rxd5 24. Rc2 Kf8 25. Nb2 Ke7 26. Nc4 Ke6 27. a3 Be7
28. b4 Rb5 29. Na5 c5 30. Nc6 Bf8 31. Nxa7 Rb7 32. Nc6 Rb6 33. Nd8+ Kd5 34. bxc5
Bxc5 35. Nxf7 Bxa3 36. Ng5 h6 37. Nh3 Bd6 38. g3 Ke6 39. Kf1 Ra6 40. Ng1 Be5 41.
Ne2 Kf6 42. Kg2 Rb6 43. Ra2 Rc6 44. f3 exf3+ 45. Kxf3 Rb6 46. Ra5 Rd6 47. Rb5
Ra6 48. Nc1 Ra3 49. Rb6+ Kg7 50. Ke2 Bf6 51. Kf3 Bg5 52. Nb3 Bf6 53. Rb7+ Kg6
54. Rb6 Kg7 55. Rb7+ Kg6 56. Nc5 Bd4 57. Nb3 Bf6 58. h4 h5 59. Rb5 1/2-1/2

[Event "Corsican Circuit Final 2014"]
[Site "Bastia FRA"]
[Date "2014.10.19"]
[Round "1.1"]
[White "Swiercz, Dariusz"]
[Black "Tregubov, Pavel V."]
[Result "1/2-1/2"]
[WhiteTitle "GM"]
[BlackTitle "GM"]
[WhiteElo "2614"]
[BlackElo "2607"]
[WhiteFideId "1126881"]
[BlackFideId "4115341"]
[EventDate "2014.10.19"]

1. d4 Nf6 2. Bg5 d5 3. e3 g6 4. Nd2 Bg7 5. Ngf3 O-O 6. Be2 b6 7. O-O Bb7 8. a4
a5 9. c3 Nbd7 10. h3 Re8 11. Bf4 Ne4 12. Nxe4 dxe4 13. Nd2 e5 14. Bg3 exd4 15.
cxd4 c5 16. Nc4 cxd4 17. Nd6 d3 18. Nxb7 dxe2 19. Qxe2 Qe7 20. Nd6 Red8 21. Qb5
Nc5 22. Qxb6 Nd3 23. Rab1 Qe6 24. Qb7 f5 25. Nb5 Qb3 26. Qe7 Re8 27. Qa3 Qxa3
28. bxa3 Rec8 29. Bc7 Bb2 30. Bb6 Rc4 31. Bd4 Bxd4 32. Nxd4 Rxa4 33. Rb3 Rc8 34.
Rfb1 Rac4 35. g4 fxg4 36. hxg4 Rf8 37. Rb8 Rcc8 38. Rxc8 Rxc8 39. Rb5 Rf8 40.
Ne6 Rxf2 41. Rb8+ Kf7 42. Ng5+ Ke7 43. Rb7+ Kd8 44. Nxe4 Rf3 45. Rxh7 Rxe3 46.
Nd6 Rg3+ 47. Kh2 Rxg4 48. Nb7+ Kc8 49. Nxa5 Ne5 50. Re7 Nf3+ 51. Kh3 Rg1 52. Nc6
g5 53. Na7+ Kd8 54. Nc6+ Kc8 55. Na7+ Kd8 56. Nc6+ Kc8 57. Na7+ Kd8 58. Nc6+ 1/2-1/2

[Event "Corsican Circuit Final 2014"]
[Site "Bastia FRA"]
[Date "2014.10.19"]
[Round "1.2"]
[White "Meszaros, Tamas"]
[Black "Saric, Ivan"]
[Result "0-1"]
[WhiteTitle "IM"]
[BlackTitle "GM"]
[WhiteElo "2424"]
[BlackElo "2678"]
[WhiteFideId "717410"]
[BlackFideId "14508150"]
[EventDate "2014.10.19"]

1. e4 e5 2. Nf3 Nc6 3. Bb5 a6 4. Ba4 Nf6 5. O-O Be7 6. Re1 b5 7. Bb3 d6 8. c3
O-O 9. d4 Bg4 10. d5 Na5 11. Bc2 c6 12. h3 Bxf3 13. Qxf3 cxd5 14. exd5 Nc4 15.
Nd2 Nb6 16. Nf1 g6 17. Bh6 Re8 18. Ne3 Kh8 19. h4 Ng8 20. Nf5 gxf5 21. Qxf5 Nf6
22. Bg5 Nbd7 23. f4 e4 24. g4 Rg8 25. Rxe4 Nxe4 26. Qxe4 f5 27. Qxf5 Nf8 28. Re1
Bxg5 29. fxg5 Ng6 30. h5 Qb6+ 31. Kh1 Raf8 32. Qe6 Qf2 33. hxg6 Qxc2 34. gxh7
Rg7 0-1

[Event "Corsican Circuit Final 2014"]
[Site "Bastia FRA"]
[Date "2014.10.19"]
[Round "1.2"]
[White "Skomorokhin, Roman"]
[Black "Anand, Viswanathan"]
[Result "0-1"]
[WhiteTitle "IM"]
[BlackTitle "GM"]
[WhiteElo "2364"]
[BlackElo "2785"]
[WhiteFideId "4112610"]
[BlackFideId "5000017"]
[EventDate "2014.10.19"]

1. d4 Nf6 2. c4 e6 3. Nf3 b6 4. e3 Bb7 5. Nc3 d5 6. cxd5 exd5 7. Bb5+ c6 8. Bd3
Bd6 9. O-O O-O 10. Ne5 c5 11. f4 Nc6 12. Qa4 cxd4 13. Nxc6 Bxc6 14. Qxc6 Rc8 15.
Qb5 dxc3 16. bxc3 Bc5 17. c4 dxc4 18. Bxc4 Ng4 19. Qb3 Qe7 20. Rf3 Qh4 21. h3
Qe1+ 22. Bf1 Nxe3 23. Rxe3 Rfe8 24. Qd1 0-1

[Event "Corsican Circuit Final 2014"]
[Site "Bastia FRA"]
[Date "2014.10.19"]
[Round "1.2"]
[White "Dimitrov, Radoslav"]
[Black "Hou, Yifan"]
[Result "0-1"]
[WhiteTitle "IM"]
[BlackTitle "GM"]
[WhiteElo "2445"]
[BlackElo "2673"]
[WhiteFideId "2908549"]
[BlackFideId "8602980"]
[EventDate "2014.10.19"]

1. c4 b6 2. Nc3 Bb7 3. Nf3 e6 4. g3 f5 5. Bg2 Nf6 6. O-O Bb4 7. Na4 O-O 8. d3 a5
9. a3 Be7 10. Bd2 Na6 11. Rb1 Bc6 12. Nh4 Ng4 13. Bxc6 dxc6 14. Nf3 c5 15. Bc3
Qe8 16. h3 Nf6 17. e3 Rd8 18. b3 Nb8 19. Ne5 Nc6 20. Qf3 Nxe5 21. Bxe5 Rxd3 22.
Qb7 Ne4 23. Qxc7 Ng5 24. Rbd1 Nf3+ 25. Kg2 Qa8 0-1

[Event "Corsican Circuit Final 2014"]
[Site "Bastia FRA"]
[Date "2014.10.19"]
[Round "1.2"]
[White "Dourerassou, Jonathan"]
[Black "Fedorchuk, Sergey A."]
[Result "0-1"]
[WhiteTitle "IM"]
[BlackTitle "GM"]
[WhiteElo "2473"]
[BlackElo "2673"]
[WhiteFideId "628050"]
[BlackFideId "14102536"]
[EventDate "2014.10.19"]

1. e4 c5 2. Nf3 e6 3. Nc3 a6 4. d4 cxd4 5. Nxd4 Qc7 6. Bd3 Nf6 7. Be3 d6 8. O-O
Nbd7 9. f4 b5 10. Qf3 Bb7 11. a3 Nc5 12. Rae1 Be7 13. Qg3 g6 14. e5 Nh5 15. Qf2
Ng7 16. exd6 Qxd6 17. Ndxb5 axb5 18. Bxb5+ Kf8 19. Rd1 Qc7 20. b4 Ne4 21. Nxe4
Bxe4 22. Rd7 Qxc2 23. Qxc2 Bxc2 24. Bd4 Rg8 25. Rc1 Be4 26. Rcc7 Nf5 27. Bf6 g5
28. fxg5 Rxg5 29. Bxg5 Bxg5 30. Rxf7+ Kg8 31. Rfd7 Bf4 32. Rc3 Be5 33. Rc4 Bd5
34. Rg4+ Kh8 35. Bd3 Bd4+ 36. Kh1 Rc8 37. Bf1 Bf6 38. Kg1 Rc1 39. h4 h5 40. Rf4
Bd4+ 41. Rxd4 Nxd4 42. Kf2 Rc2+ 43. Ke3 Nf5+ 44. Kd3 Ra2 45. Ra7 Ng3 46. Rf7 0-1

[Event "Corsican Circuit Final 2014"]
[Site "Bastia FRA"]
[Date "2014.10.19"]
[Round "1.2"]
[White "Ruck, Robert"]
[Black "Kovalenko, Igor"]
[Result "1-0"]
[WhiteTitle "GM"]
[BlackTitle "GM"]
[WhiteElo "2568"]
[BlackElo "2650"]
[WhiteFideId "705713"]
[BlackFideId "14117908"]
[EventDate "2014.10.19"]

1. Nf3 g6 2. e4 Bg7 3. d4 d6 4. Bc4 c6 5. Bb3 Nf6 6. Nbd2 O-O 7. O-O Qc7 8. Re1
a5 9. a4 Na6 10. c3 e5 11. dxe5 dxe5 12. Nc4 Nd7 13. Qd6 Ndc5 14. Qxc7 Nxc7 15.
Bc2 Be6 16. Ncxe5 Rfd8 17. Be3 N7a6 18. Rad1 Re8 19. Bd4 Nb3 20. Nd3 Nxd4 21.
Nxd4 Bc4 22. Nc1 Nc5 23. f3 Rad8 24. Kf2 Rd7 25. Nde2 Rde7 26. Nf4 Bf8 27. Nfd3
Re6 28. Nxc5 Bxc5+ 29. Kg3 Re5 30. f4 R5e7 31. e5 Kg7 32. Bb3 Ba6 33. Nd3 Ba7
34. Nf2 g5 35. Ng4 gxf4+ 36. Kxf4 Bb8 37. Kf3 Bxe5 38. Nxe5 Rxe5 39. Rxe5 Rxe5
40. Rd7 Rf5+ 41. Ke3 Rf1 42. Rd2 Re1+ 43. Kd4 b6 44. Rf2 f6 45. Bc2 Re5 46. c4
c5+ 47. Kc3 Bc8 48. b3 h5 49. Kd2 h4 50. Re2 Rg5 51. Ke1 Kf7 52. Kf2 Bg4 53. Rd2
Ke7 54. Be4 Re5 55. Bc2 Rg5 56. Be4 Be6 57. Re2 Kd6 58. Bf3 Rf5 59. Re4 h3 60.
gxh3 Rg5 61. h4 Rg8 62. Rxe6+ 1-0

[Event "Corsican Circuit Final 2014"]
[Site "Bastia FRA"]
[Date "2014.10.19"]
[Round "1.2"]
[White "Horvath, Adam1"]
[Black "Balogh, Csaba"]
[Result "1/2-1/2"]
[WhiteTitle "GM"]
[BlackTitle "GM"]
[WhiteElo "2539"]
[BlackElo "2660"]
[WhiteFideId "708003"]
[BlackFideId "718939"]
[EventDate "2014.10.19"]

1. e4 e5 2. Nf3 Nc6 3. Bb5 Nf6 4. d3 Bc5 5. O-O Nd4 6. Nxd4 Bxd4 7. c3 Bb6 8.
Na3 c6 9. Ba4 d6 10. Bb3 O-O 11. Bg5 h6 12. Bh4 Be6 13. Nc4 Bc7 14. Ne3 Qe7 15.
Kh1 g5 16. Bg3 Ne8 17. d4 Ng7 18. Bxe6 Qxe6 19. d5 Qc8 20. Qg4 Qxg4 21. Nxg4 Kh7
22. f3 f5 23. exf5 Nxf5 24. Bf2 Bb6 25. Bxb6 axb6 26. Rfd1 c5 27. Nf2 b5 28. Ne4
Ra6 29. a3 Kg6 30. Rd3 Ne7 31. g3 Ng8 32. Kg2 Nf6 33. Nf2 h5 34. Rc1 Ra4 35. Re1
g4 36. h3 gxh3+ 37. Kxh3 Nh7 38. Kg2 Ng5 39. Rde3 Rf6 40. Rh1 Ra8 41. Ne4 Nxe4
42. Rxe4 Ra4 43. Rhh4 Rxe4 44. Rxe4 Rf8 45. Rh4 Kg5 46. Re4 Kf5 47. Kh3 Kg5 48.
f4+ exf4 49. gxf4+ Rxf4 50. Re7 b4 51. axb4 cxb4 52. Rxb7 bxc3 53. bxc3 Rf3+ 54.
Kg2 Rxc3 55. Rd7 Kf5 56. Rxd6 Ke5 57. Rh6 Kxd5 58. Rxh5+ Kd4 59. Rh4+ Kd5 60.
Rh5+ Kd4 61. Rh4+ Kd5 1/2-1/2

[Event "Corsican Circuit Final 2014"]
[Site "Bastia FRA"]
[Date "2014.10.19"]
[Round "1.2"]
[White "Kravtsiv, Martyn"]
[Black "Edouard, Romain"]
[Result "1-0"]
[WhiteTitle "GM"]
[BlackTitle "GM"]
[WhiteElo "2563"]
[BlackElo "2659"]
[WhiteFideId "14113147"]
[BlackFideId "633429"]
[EventDate "2014.10.19"]

1. e4 c5 2. Nf3 e6 3. d4 cxd4 4. Nxd4 Nc6 5. Nc3 a6 6. Be2 d6 7. O-O Nf6 8. Be3
Be7 9. f4 Bd7 10. Qe1 Nxd4 11. Bxd4 Bc6 12. Qg3 g6 13. Bd3 Qc7 14. Kh1 b5 15. a3
Qb7 16. Rae1 h5 17. Nd5 h4 18. Qh3 exd5 19. exd5 Nxd5 20. Bxh8 f5 21. Qxh4 O-O-O
22. Qh7 Kb8 23. Bd4 Rd7 24. Qxg6 Bh4 25. Re8+ Kc7 26. Re2 Qa8 27. Qxf5 Qg8 28.
Qg6 Qa8 29. Be4 Re7 30. Qg4 Rxe4 31. Rxe4 Nf6 32. Re7+ Nd7 33. Rxd7+ 1-0

[Event "Corsican Circuit Final 2014"]
[Site "Bastia FRA"]
[Date "2014.10.19"]
[Round "1.2"]
[White "Tregubov, Pavel V."]
[Black "Swiercz, Dariusz"]
[Result "1-0"]
[WhiteTitle "GM"]
[BlackTitle "GM"]
[WhiteElo "2607"]
[BlackElo "2614"]
[WhiteFideId "4115341"]
[BlackFideId "1126881"]
[EventDate "2014.10.19"]

1. d4 Nf6 2. c4 g6 3. Nc3 d5 4. Nf3 Bg7 5. e3 O-O 6. cxd5 Nxd5 7. Bc4 Nxc3 8.
bxc3 c5 9. O-O Qc7 10. Qe2 b6 11. Rd1 Nc6 12. Rb1 Bf5 13. Bd3 Bxd3 14. Qxd3 Rfd8
15. h3 e6 16. Ba3 Na5 17. Qe2 cxd4 18. cxd4 Qc4 19. Kf1 Rac8 20. Bb4 Qxe2+ 21.
Kxe2 Nc4 22. Rdc1 Bf8 23. Bxf8 Kxf8 24. Rb3 Nd6 25. Rbc3 Rxc3 26. Rxc3 Rc8 27.
Rxc8+ Nxc8 28. Kd3 Ke7 29. e4 f6 30. g4 Nd6 31. Nd2 g5 32. Nf3 h6 33. e5 Nb5 34.
h4 Nc7 35. exf6+ Kxf6 36. h5 Nd5 37. a3 b5 38. Ne5 b4 39. a4 Nc3 40. a5 Nd5 41.
Kc4 a6 42. Nc6 Nc3 43. Nxb4 Ne4 44. Nxa6 Nxf2 45. Nc5 Nxg4 46. a6 Ne3+ 47. Kb5
Nd5 48. a7 Nc7+ 49. Kc6 Na8 50. Kb7 g4 51. Kxa8 Kf5 52. Kb7 g3 53. a8=Q g2 54.
Qg8 1-0

[Event "Corsican Circuit Final 2014"]
[Site "Bastia FRA"]
[Date "2014.10.19"]
[Round "1.3"]
[White "Dimitrov, Radoslav"]
[Black "Hou, Yifan"]
[Result "0-1"]
[WhiteTitle "IM"]
[BlackTitle "GM"]
[WhiteElo "2445"]
[BlackElo "2673"]
[WhiteFideId "2908549"]
[BlackFideId "8602980"]
[EventDate "2014.10.19"]

1. e4 c5 2. Nc3 Nc6 3. f4 g6 4. Nf3 Bg7 5. Bb5 Nd4 6. O-O a6 7. Bd3 d6 8. Nxd4
cxd4 9. Ne2 Nf6 10. c3 dxc3 11. bxc3 O-O 12. Bc2 b5 13. Rb1 Qc7 14. d3 Bd7 15.
Kh1 Rac8 16. Bd2 e5 17. a4 Rfe8 18. axb5 axb5 19. Bb3 Bc6 20. fxe5 dxe5 21. Bg5
Qd6 22. Qd2 Rc7 23. Rf3 Rf8 24. Rbf1 Ne8 25. h4 h5 26. Ng3 Rd7 27. Qf2 Qc7 28.
Kh2 Nd6 29. Be3 Kh7 30. Bc5 f6 31. Be6 Re7 32. Bd5 Bxd5 33. exd5 f5 34. c4 bxc4
35. dxc4 e4 36. Rf4 Be5 37. Bb4 Rb8 38. Ba3 Ra8 39. Bb4 Rb8 40. Ba3 Qxc4 41. Kh1
Rb3 42. Bxd6 Bxd6 0-1

[Event "Corsican Circuit Final 2014"]
[Site "Bastia FRA"]
[Date "2014.10.19"]
[Round "1.3"]
[White "Dourerassou, Jonathan"]
[Black "Fedorchuk, Sergey A."]
[Result "0-1"]
[WhiteTitle "IM"]
[BlackTitle "GM"]
[WhiteElo "2473"]
[BlackElo "2673"]
[WhiteFideId "628050"]
[BlackFideId "14102536"]
[EventDate "2014.10.19"]

1. e4 e5 2. Nf3 Nc6 3. Bc4 Bc5 4. d3 Nf6 5. c3 d6 6. h3 a6 7. Bb3 h6 8. Qe2 Ba7
9. Nbd2 O-O 10. Nf1 d5 11. Ng3 dxe4 12. dxe4 Qe7 13. Nh4 Kh7 14. Nhf5 Qe8 15.
Nh5 Nxh5 16. Qxh5 Bxf5 17. Qxf5+ Kh8 18. g4 Qe7 19. g5 g6 20. Qf6+ Qxf6 21. gxf6
Kh7 22. h4 Rad8 23. h5 g5 24. Be3 Rd6 25. Bxa7 Nxa7 26. Rd1 Nb5 27. Ke2 Rxf6 28.
Rd7 Kg7 29. a4 Nd6 30. Ke3 Rf4 31. f3 g4 32. Rg1 Rxf3+ 33. Ke2 Rf4 34. Bc2 Nxe4
35. Rxc7 Rd8 36. Ke3 Nf6 37. Bb3 Nd5+ 38. Bxd5 Rxd5 39. Rxb7 Kf6 40. Rb6+ Kg5
41. Rxa6 Rf3+ 42. Ke4 Rd2 43. Re1 Rxb2 44. Kxe5 Kxh5 45. Rh1+ Kg5 46. Raxh6 Re2+
47. Kd4 f5 48. R1h5+ Kf4 49. Rf6 Re4+ 50. Kc5 Rxc3+ 51. Kb5 Re5+ 52. Kb4 Rce3
53. a5 R3e4+ 54. Kc3 Rxa5 55. Rh1 Ra3+ 56. Kb2 Rf3 57. Rc6 Re2+ 58. Kc1 Kg3 59.
Rc4 f4 60. Rg1+ Rg2 61. Rh1 Rgf2 62. Rg1+ Rg2 63. Rh1 Ra3 64. Kb1 f3 65. Rc8 f2
66. Rf8 0-1

[Event "Corsican Circuit Final 2014"]
[Site "Bastia FRA"]
[Date "2014.10.19"]
[Round "1.4"]
[White "Hou, Yifan"]
[Black "Dimitrov, Radoslav"]
[Result "1-0"]
[WhiteTitle "GM"]
[BlackTitle "IM"]
[WhiteElo "2673"]
[BlackElo "2445"]
[WhiteFideId "8602980"]
[BlackFideId "2908549"]
[EventDate "2014.10.19"]

1. e4 c6 2. c4 d5 3. exd5 cxd5 4. cxd5 Nf6 5. Nc3 Nxd5 6. Nf3 Nc6 7. Bb5 e6 8.
O-O Be7 9. d4 O-O 10. Re1 Nxc3 11. bxc3 Qc7 12. Qe2 Bf6 13. Bd3 b6 14. Bg5 Bxg5
15. Nxg5 h6 16. Qe4 g6 17. Nxf7 Qxf7 18. Qxc6 Bd7 19. Qe4 Qxf2+ 20. Kh1 Qf6 21.
Re3 Rac8 22. Rg3 1-0

[Event "Corsican Circuit Final 2014"]
[Site "Bastia FRA"]
[Date "2014.10.19"]
[Round "1.4"]
[White "Fedorchuk, Sergey A."]
[Black "Dourerassou, Jonathan"]
[Result "1-0"]
[WhiteTitle "GM"]
[BlackTitle "IM"]
[WhiteElo "2673"]
[BlackElo "2473"]
[WhiteFideId "14102536"]
[BlackFideId "628050"]
[EventDate "2014.10.19"]

1. e4 c5 2. Nf3 e6 3. d4 cxd4 4. Nxd4 Nc6 5. Nc3 Qc7 6. Be2 a6 7. O-O Nf6 8. Be3
Be7 9. f4 d6 10. Kh1 O-O 11. Qe1 Re8 12. Qg3 Bd7 13. Rae1 b5 14. a3 Bf8 15. Bd3
Nxd4 16. Bxd4 Nh5 17. Qh4 g6 18. f5 Bc6 19. Be2 e5 20. Be3 Nf4 21. Bxf4 exf4 22.
Qxf4 Re5 23. Bd3 Rae8 24. Re3 Qe7 25. Rh3 a5 26. b4 axb4 27. axb4 g5 28. f6 gxf4
29. fxe7 R8xe7 30. Rxf4 Bg7 31. Rf1 Rg5 32. Nd5 Bxd5 33. exd5 h6 34. Bxb5 Rxd5
35. Bd3 Rd4 36. b5 Rb4 37. Rhf3 Be5 38. g3 f6 39. Kg2 Kg7 40. Kh3 Ra7 41. Re1
Kf7 42. Re4 Rb1 43. Rh4 Kg7 44. Rg4+ Kf7 45. Rh4 Rd1 46. Rxh6 Ra4 47. Bf5 Rd2
48. Rh7+ Kf8 49. b6 Rb4 50. b7 d5 51. Ra3 1-0

[Event "Corsican Circuit Final 2014"]
[Site "Bastia FRA"]
[Date "2014.10.20"]
[Round "2.1"]
[White "Anand, Viswanathan"]
[Black "Tregubov, Pavel V."]
[Result "1-0"]
[WhiteTitle "GM"]
[BlackTitle "GM"]
[WhiteElo "2785"]
[BlackElo "2607"]
[WhiteFideId "5000017"]
[BlackFideId "4115341"]
[EventDate "2014.10.19"]

1. c4 c5 2. Nc3 Nc6 3. Nf3 e5 4. g3 g6 5. Bg2 Bg7 6. O-O d6 7. a3 a5 8. Rb1 Nge7
9. Ne1 Be6 10. d3 O-O 11. Nc2 d5 12. cxd5 Nxd5 13. Ne3 Nde7 14. Nc4 Rb8 15. Bg5
f6 16. Be3 Nd4 17. b4 axb4 18. axb4 b5 19. Nd2 cxb4 20. Rxb4 Qa5 21. Qb1 Nec6
22. Bxc6 Nxc6 23. Rb2 b4 24. Nce4 Nd4 25. Bxd4 exd4 26. Nb3 Qb6 27. Nbc5 Bh3 28.
Qa2+ Kh8 29. Rfb1 Qc6 30. Na6 b3 31. Nxb8 bxa2 32. Nxc6 axb1=Q+ 33. Rxb1 h6 34.
Nxd4 f5 35. Ne6 fxe4 36. Nxf8 Bxf8 37. dxe4 Kg7 38. e3 h5 39. f3 Kf6 40. Kf2 Be6
41. Rc1 Ke5 42. Kg2 g5 43. Rc6 Bd7 44. Rc4 Be6 45. f4+ Kd6 46. Rd4+ Ke7 47. f5
Bd7 48. g4 hxg4 49. Kg3 Bg7 50. Kxg4 Bf6 51. Rc4 Bb5 52. Rc2 Bd3 53. Rc6 Be2+
54. Kg3 Kf7 55. h3 Be5+ 56. Kf2 Bd3 57. Kf3 Bf6 58. Rc5 Bg7 59. Rc7+ Kf8 60. Rd7
Bc2 61. Kg4 Bf6 62. e5 Bxe5 63. Kxg5 Ba4 64. Ra7 Bb3 65. h4 Bd6 66. Kg6 Bc5 67.
Ra8+ Ke7 68. f6+ Ke6 1-0